NBA Defensive Player of the Year - Statistics

General Stats
  • This quiz has been taken 6 times
  • The average score is 18 of 44
Answer Stats
Hint Answer % Correct
1988 Michael Jordan
83%
2026 Victor Wembanyama
83%
1991 Dennis Rodman
67%
1990 Dennis Rodman
67%
2022 Marcus Smart
67%
2006 Ben Wallace
50%
2005 Ben Wallace
50%
2003 Ben Wallace
50%
2002 Ben Wallace
50%
1992 David Robinson
50%
2017 Draymond Green
50%
2011 Dwight Howard
50%
2010 Dwight Howard
50%
2009 Dwight Howard
50%
1996 Gary Payton
50%
1994 Hakeem Olajuwon
50%
1993 Hakeem Olajuwon
50%
2023 Jaren Jackson Jr.
50%
2016 Kawhi Leonard
50%
2015 Kawhi Leonard
50%
2008 Kevin Garnett
50%
2024 Rudy Gobert
50%
2021 Rudy Gobert
50%
2019 Rudy Gobert
50%
2018 Rudy Gobert
50%
2000 Alonzo Mourning
33%
1999 Alonzo Mourning
33%
2025 Evan Mobley
33%
2020 Giannis Antetokounmpo
33%
2013 Marc Gasol
33%
2007 Marcus Camby
33%
2012 Tyson Chandler
33%
1986 Alvin Robertson
17%
2001 Dikembe Mutombo
17%
1998 Dikembe Mutombo
17%
1997 Dikembe Mutombo
17%
1995 Dikembe Mutombo
17%
2014 Joakim Noah
17%
1989 Mark Eaton
17%
1985 Mark Eaton
17%
2004 Metta World Peace
17%
1987 Michael Cooper
17%
1984 Sidney Moncrief
17%
1983 Sidney Moncrief
17%
No matching quizzes found
Score Distribution
Percent of People with Each Score
Percentile by Number Answered
Your Score History
You have not taken this quiz